000 00508nam a2200181 a 4500
005 20140310183344.0
008 070125s19uu xx 00 eng d
020 _a817648900x
050 _aLB 1051
_b.Sh531 2005
100 _aSharma, Promila
245 _aEducational Psychology /
_cPromila Sharma.
260 _aNew Delhi, India :
_bAPH Publishing Corporation,
_c2005.
300 _a348 p. :
_c22 cm.
521 _aPSYCH
650 _aEducational Technology
942 _cBK
_2lcc
_kFOR
999 _c21913
_d21913